| 000 | 00690nam a22001937a 4500 | ||
|---|---|---|---|
| 999 |
_c20505 _d20505 |
||
| 003 | AR-CdUCM | ||
| 008 | 190530b ||||| |||| 00| 0 spa d | ||
| 040 |
_aMUNICIPALIDAD PROVINCIAL DEL CUSCO _cBIBLIOTECA MUNICIPAL DEL CUSCO |
||
| 082 |
_a779.98561 / _bN677 |
||
| 100 |
_aNieto Degregori, Luis _96534 |
||
| 245 | _aEl baúl de la memoria / | ||
| 300 |
_a94 páginas ; _bFotografías, _c22 cm. |
||
| 505 | _aContenido: El baúl de la memoria -- Las fotos antiguas -- El concurso de fotografía antigua del centro histórico. | ||
| 650 |
_aCusco _9772 |
||
| 650 |
_aFotografía _94511 |
||
| 710 |
_aCentro Guaman Poma de Ayala _920511 |
||
| 942 |
_2ddc _cLIBROS |
||
| 945 |
_adavv _d2019-05-30 |
||